000 00633cas a22001694i 4500
999 _c50646
_d50646
001 768714001
003 CO-MdFUSB
005 20180317103913.0
008 180317b xxu||||| |||| 00| 0 eng d
040 _aCO-MdFUSB
_bspa
_cCO-MdFUSB
_dCO-MdFUSB
041 _aspa
100 1 _aSimpson, Charles
_eautor
245 1 0 _aFe a prueba de fuego :
_bcuando los tiempos se ponen difíciles, la bondad y la misericordia de Dios están allí para usted
300 _aVolumen 5. Número 6 (2000), páginas 82-84
_c: 28 cm.
773 0 _tConquista Cristiana
_049446
_960275
_gVolumen 5. Número 6 (2000), páginas 82-84
_qpágina 82
942 _cANA